Culturas y políticas del agua en México y un caso del Mediterráneo : una mirada desde la antropología /

El Seminario de Historia, Filosofía y Sociología de la Antropología Mexicana funciona desde 1991 y tiene el propósito de intercambiar y discutir textos relevantes en relación con la historia en relación con las ciencias sociales. Los académicos que colaboran son múltiples instituciones, entre las qu...

وصف كامل

محفوظ في:
التفاصيل البيبلوغرافية
مؤلف مشترك: Seminario de Historia, Filosofía y Sociología de la Antropología Mexicana: Jornada Antropología y Agua en México ( México)
مؤلفون آخرون: Rutsch, Mechthild (coordinación) (coordinación), González Jácome, Alba (coordinación) (coordinación)
التنسيق: وقائع المؤتمر كتاب
اللغة:الإسبانية
منشور في: México : INAH : Universidad Iberoamericana, Plantel Santa Fe, 2011, c2011
الموضوعات:
الوسوم: إضافة وسم
لا توجد وسوم, كن أول من يضع وسما على هذه التسجيلة!

MARC

LEADER 00000nam^a2200000^a^4500
001 000318126
005 20250521000000.0
009 20260310113404.988
020 |a 978-607-484-167-1 
037 |a Acervo ITESO - Biblioteca 
041 |a ESP 
082 |a 300. 972  |b SEM 2007 
111 |a Seminario de Historia, Filosofía y Sociología de la Antropología Mexicana: Jornada Antropología y Agua en México (  |d 2007 :  |c México) 
245 1 0 |a Culturas y políticas del agua en México y un caso del Mediterráneo :  |b una mirada desde la antropología /  |c Coord. de M. Rutsch, A. González Jácome. 
264 4 |a México :  |b INAH :  |b Universidad Iberoamericana, Plantel Santa Fe,  |c 2011, c2011 
300 |a 302 p. +  |e 1 mapa (consultable en la Mapoteca) 
336 |a texto  |b txt  |2 rdacontenido 
337 |a sin mediación  |b n  |2 rdamedio 
338 |a volumen  |b nc  |2 rdasoporte 
520 |a El Seminario de Historia, Filosofía y Sociología de la Antropología Mexicana funciona desde 1991 y tiene el propósito de intercambiar y discutir textos relevantes en relación con la historia en relación con las ciencias sociales. Los académicos que colaboran son múltiples instituciones, entre las que se encuentran el INAH, la UNAM, la Universidad Pedagógica, la Universidad Iberoamericana. El volumen presente aborda las cuestiones socioculturales implicadas en el manejo del agua en México se incluye la participación de una caso europeo. Casos como la problemática de inundaciones en la cuenca baja del rio Papaloapan que por un lado las presas construidas controlan las inundaciones pero afectan a otras comunidades, el uso del agua en el lago de Xochimilco y el equilibrio ecológico en el siglo XX, entre otros. -- El mapa es un facsimilar del sistema del Canal Nacional en 1929 
649 |a XX 
650 |a Agua -  |x Administración -  |x Congresos -  |x Tema Principal 
650 |a Agua -  |x Reutilización -  |z México -  |x Congresos -  |x Tema Principal 
650 |a Agua -  |x Abastecimiento Industrial -  |z México 
650 |a Agua de Riego -  |z México 
650 |a Agua -  |z Mediterráneo (Mar) -  |x Aspectos Sociales y Culturales 
650 |a Presas -  |z Papaloapan (Cuenca) 
650 |a Inundaciones -  |z Papaloapan (Cuenca) 
650 |a Presas -  |z México 
650 |a Xochimilco (Lago)  |x Condiciones Políticas 
650 |a Ecología Social 
650 |a Antropología Cultural 
650 |a Sociología -  |z México 
650 |a Sociología -  |x Congresos 
700 |a Rutsch, Mechthild  |e (coordinación) 
700 |a González Jácome, Alba  |e (coordinación) 
910 |a Fondo General 
920 |a Impresos - Libros 
930 |a Colección General 
905 |a 101 
901 |a 0500149697  |b IT1  |c ACC  |i D57424  |u 20250521 
901 |a 0500149639  |b IT2  |c MAP  |u 20250521 
902 |a https://opac.biblio.iteso.mx/vufind/Record/000318126